| 000 | 00625nam a22002057a 4500 | ||
|---|---|---|---|
| 005 | 20251108175033.0 | ||
| 008 | 250721s2003 xx 000 0 ara d | ||
| 020 | _a9953431876 | ||
| 082 | 1 | 4 | _aم/575.1/ليو |
| 100 | 1 | _aليونتين، ريتشارد | |
| 245 | 1 | 0 | _aحلم الجينوم و أوهام أخرى / |
| 264 | 1 |
_aبيروت : _bالمنظمة العربية للترجمة، _c2003. |
|
| 300 | _a320 ص. | ||
| 650 | 1 | 7 | _aعلوم الحياة |
| 650 | 1 | 7 | _aعلم الوراثة |
| 650 | 1 | 7 | _aالجينات |
| 700 | 1 |
_aمستجير، أحمد _eمترجم |
|
| 942 |
_2ddc _cREF |
||
| 999 |
_c124567 _d124567 |
||